The last email: (Record no. 157868)

MARC details
000 -LEADER
fixed length control field 00499nam a22001817a 4500
005 - DATE AND TIME OF LATEST TRANSACTION
control field 20181006131359.0
010 ## - LCCN (DPL NO)
LC control number ENG-124191
020 ## - INTERNATIONAL STANDARD BOOK NUMBER
International Standard Book Number 9789386338938
Terms of availability 299.00
035 ## - SYSTEM CONTROL NUMBER
System control number EN-107723
037 ## - SOURCE OF ACQUISITION
Source of stock number/acquisition DBAD/PUB
082 ## - DEWEY DECIMAL CLASSIFICATION NUMBER
Classification number N
100 ## - MAIN ENTRY--PERSONAL NAME
Personal name Garg, Mridula
245 ## - TITLE STATEMENT
Title The last email:
Statement of responsibility, etc by Mridula Garg
Remainder of title - A novel - /
260 ## - PUBLICATION, DISTRIBUTION, ETC. (IMPRINT)
Place of publication, distribution, etc New Delhi
Name of publisher, distributor, etc Speaking Tiger
Date of publication, distribution, etc 2017
270 ## - ADDRESS
Address 4381/4, Ansari Road, Daryaganj,
City New Delhi
Postal code 110002
300 ## - PHYSICAL DESCRIPTION
Extent 226p.
Dimensions 20cm(pbk)
942 ## - ADDED ENTRY ELEMENTS (KOHA)
Source of classification or shelving scheme Dewey Decimal Classification
Item type English Books
Classification part N
Call number suffix GAR
Holdings
Withdrawn status Lost status Not for loan Collection code Home library Current library Date acquired Source of acquisition Cost, normal purchase price Full call number Barcode Copy number Cost, replacement price Koha item type
    Not For Loan Fiction D.B.Act.Division Sarojini Nagar 06/10/2018 DBAD/PUB 299.00 N GAR EN-107723 1 299.00 English Books

© Delhi Public Library
Hit Counter
free hit counter